High School Musical 1 - Statistics

General Stats
  • This quiz has been taken 2,773 times
  • The average score is 7 of 12
Answer Stats
Hint Answer % Correct
What instrument does Kelsi play? Piano
90%
What color is Sharpay's dress in "Bop to the Top" Blue
85%
Is Sharpay left or right handed? left
85%
Is Gabriella or Troy the smart one? Gabriella
84%
Where is troys secret hiding place? the roof top garden
57%
What is the last song in the movie? We're all in this together
56%
What is the school mascot of East High? Wildcats
55%
What is Zeke's secret? He bakes
49%
Where does the story take place? Albuquerque
43%
What is the first song sung by Gabriella and Troy The start of something new
43%
What food falls on Sharpay? chili fries
30%
What sport does Ryan play? Nothing
16%
No matching quizzes found
Score Distribution
Percent of People with Each Score
Percentile by Number Answered
Your Score History
You have not taken this quiz